Die größten Städte pro Bundesland - Buchstabe A - Statistiken

Allgemein
  • Dieses Quiz wurde 326 mal gespielt
  • Das Durchschnittsergebnis liegt bei 9 aus 36
Antwortstatistiken
Bundesland Einwohnerzahl Stadt % Korrekt
Bayern 296.478 Augsburg
98%
Nordrhein-Westfalen 249.070 Aachen
95%
Baden-Württemberg 68.351 Aalen
79%
Nordrhein-Westfalen 52.627 Ahlen
79%
Bayern 71.381 Aschaffenburg
69%
Niedersachsen 42.544 Aurich
47%
Bayern 41.994 Amberg
46%
Nordrhein-Westfalen 73.423 Arnsberg
39%
Thüringen 30.670 Altenburg
35%
Rheinland-Pfalz 30.126 Andernach
34%
Sachsen 19.834 Aue-Bad Schlema
34%
Thüringen 22.232 Apolda
27%
Schleswig-Holstein 34.201 Ahrensburg
26%
Rheinland-Pfalz 19.082 Alzey
26%
Niedersachsen 32.379 Achim
22%
Sachsen-Anhalt 26.328 Aschersleben
21%
Mecklenburg-Vorpommern 12.177 Anklam
20%
Baden-Württemberg 45.737 Albstadt
18%
Sachsen 19.118 Annaberg-Buchholz
17%
Hessen 15.945 Alsfeld
16%
Thüringen 27.330 Arnstadt
15%
Baden-Württemberg 25.776 Achern
14%
Sachsen 17.804 Auerbach (Vogtland)
11%
Brandenburg 13.696 Angermünde
8%
Brandenburg 14.011 Ahrensfelde
7%
Niedersachsen 18.550 Alfeld (Leine)
7%
Hessen 12.437 Altenstadt
6%
Rheinland-Pfalz 7.692 Altrip
4%
Mecklenburg-Vorpommern 5.188 Altentreptow
3%
Hessen 13.725 Aßlar
2%
Schleswig-Holstein 10.024 Altenholz
1%
Brandenburg 9.654 Altlandsberg
1%
Sachsen-Anhalt 6.791 Arendsee (Altmark)
1%
Mecklenburg-Vorpommern 2.880 Admannshagen-Bargeshagen
0%
Sachsen-Anhalt 7.573 Allstedt
0%
Schleswig-Holstein 9.905 Ammersbek
0%
Keine übereinstimmenden Quizze gefunden
Verteilung der Resultate
Anzahl Personen mit jedem Resultat
Perzentil nach korrekt beantworteten Fragen
Ihre Resultats-Entwicklung
Sie haben dieses Quiz noch nicht gespielt